000
00314 a2200157 4500
001
183131
020
_a
85-7308-180-5
040
_c
Magnum
100
_a
Couto, Ozório
240
1
0
_a
Amor gerais
_l
por
245
1
0
_a
Amor gerais
300
_a
216
362
0
_a
1997
697
_a
LITERATURA GERAL
942
_c
BK
999
_c
183131
_d
183131